Statistics for Geography by Letter on the World Map - R

Click here to take the quiz!

General Stats

  • This quiz has been taken 3,210 times
  • The average score is 15 of 20

Answers on the Map

Answers color-coded by a green-red scale on the quiz's map according to % correct below.
Loading ...
 

Answer Stats

Answer% Correct
Russia
100%
Romania
98%
Rome
97%
Reykjavik
97%
Rio de Janeiro
96%
Rwanda
95%
Rhine
90%
Rocky Mountains
89%
Rabat
87%
Riyadh
86%
Red Sea
84%
Rhode Island
80%
Republic of the Congo
72%
Rhodes
65%
Rhone
64%
Richmond
61%
Ruhr
46%
Mount Rainier
39%
Mount Rushmore
32%
Rajasthan
31%

Score Distribution

Percentile by Number Answered

Percent of People with Each Score

Your Score History

You have not taken this quiz